[Event "24. Torneo San Viator"]
[Site "Madrid ESP"]
[Date "2015.03.29"]
[Round "2.41"]
[White "Jimenez Gallego, Rafael"]
[Black "De Paredes Aguado, Alejandro"]
[Result "0-1"]
[WhiteElo "1544"]
[BlackElo "1506"]
[PlyCount "58"]
[EventDate "2015.03.22"]
[EventType "swiss"]
[EventRounds "9"]
[EventCountry "ESP"]
[Source "lmi"]
[SourceDate "2015.03.22"]

1. Nf3 f5 2. Nc3 Nf6 3. d4 e6 4. e3 Be7 5. Be2 O-O 6. h3 d6 7. O-O Bd7 8. Bc4
Ne4 9. Qd3 d5 10. Bb3 Be8 11. Nd2 Nd7 12. Ndxe4 fxe4 13. Qe2 Nf6 14. Ba4 c6 15.
a3 Bf7 16. Bd2 Bd6 17. Na2 a5 18. Nc3 Bc7 19. g3 Qd6 20. Be1 Bh5 21. Qd2 Bf3
22. Ne2 e5 23. c3 Qe6 24. Kh2 Ng4+ 25. hxg4 Qxg4 26. Ng1 Qh5+ 27. Nh3 Bg4 28.
Bd1 Qxh3+ 29. Kg1 Bf3 0-1

[Event "24. Torneo San Viator"]
[Site "Madrid ESP"]
[Date "2015.03.29"]
[Round "2.48"]
[White "Villaverde Casaluenga, Jose"]
[Black "Bermejo Jimenez, Adolfo"]
[Result "1-0"]
[WhiteElo "1663"]
[BlackElo "1419"]
[PlyCount "73"]
[EventDate "2015.03.22"]
[EventType "swiss"]
[EventRounds "9"]
[EventCountry "ESP"]
[Source "lmi"]
[SourceDate "2015.03.22"]

1. e4 c6 2. d4 d5 3. e5 Bf5 4. Bd3 Bxd3 5. Qxd3 e6 6. Nf3 Be7 7. h4 Qb6 8. b3
Qa6 9. Qxa6 Nxa6 10. c3 Bd8 11. g3 Bb6 12. Be3 Ne7 13. g4 O-O-O 14. Ng5 Rdf8
15. h5 h6 16. Nh3 c5 17. Nd2 cxd4 18. cxd4 Nb4 19. Ke2 Kd7 20. a3 Nc2 21. Ra2
Nxd4+ 22. Kd3 Nec6 23. f4 a6 24. Nf3 Nxf3 25. Bxb6 f6 26. exf6 Rxf6 27. Rf1
Nfe5+ 28. Ke2 Nxg4 29. Rg1 Rf5 30. Rxg4 Rxh5 31. Rxg7+ Kc8 32. Rg3 Ne7 33. Rc2+
Nc6 34. Nf2 Kb8 35. Rg7 Rf5 36. Rc1 Rxf4 37. Bc7+ 1-0

[Event "24. Torneo San Viator"]
[Site "Madrid ESP"]
[Date "2015.04.12"]
[Round "3.1"]
[White "Cabanas Bravo, Juan Andres"]
[Black "Elissalt Cardenas, Hector"]
[Result "0-1"]
[WhiteElo "2054"]
[BlackElo "2337"]
[PlyCount "110"]
[EventDate "2015.03.22"]
[EventType "swiss"]
[EventRounds "9"]
[EventCountry "ESP"]
[Source "lmi"]
[SourceDate "2015.03.22"]

1. Nf3 d5 2. e4 e6 3. Nc3 Nf6 4. e5 Nfd7 5. d4 b6 6. Ne2 Ba6 7. g3 c5 8. c3 Nc6
9. h4 cxd4 10. cxd4 Nb4 11. Nf4 Bxf1 12. Kxf1 Qc8 13. Kg2 h6 14. Bd2 Qa6 15.
Bc3 Rc8 16. a3 Nc6 17. Qd2 Be7 18. g4 g6 19. Rae1 Nf8 20. Re3 Qc4 21. Qd1 a5
22. Qb1 Rg8 23. Qd1 Qa6 24. g5 h5 25. Nd2 Rh8 26. Nf1 b5 27. Ng3 Qb6 28. Nge2
Qb7 29. Nc1 Qb6 30. Nb3 Nd7 31. Rd3 Qa6 32. Rhh3 Bd8 33. Qe1 a4 34. Nc1 Ne7 35.
Na2 Nf5 36. Nb4 Qb7 37. Nc2 Nb6 38. Ne3 Ng7 39. Qe2 Nc4 40. Rf3 Nxe3+ 41. fxe3
Nf5 42. Kh3 Kf8 43. Rd1 Kg7 44. Re1 Rc4 45. Nd3 Be7 46. Ref1 Bxa3 47. bxa3 Rxc3
48. Nc5 Qc6 49. Qb2 Rc4 50. Qb1 Rb8 51. e4 dxe4 52. Nxe4 Rxd4 53. Rf4 Rbd8 54.
Nd6 Rxf4 55. Rxf4 Qc3+ 0-1

[Event "24. Torneo San Viator"]
[Site "Madrid ESP"]
[Date "2015.04.12"]
[Round "3.2"]
[White "Unciti Juan, Javier"]
[Black "Andalon Gomez, Carlos J"]
[Result "1/2-1/2"]
[WhiteElo "2096"]
[BlackElo "2022"]
[PlyCount "115"]
[EventDate "2015.03.22"]
[EventType "swiss"]
[EventRounds "9"]
[EventCountry "ESP"]
[Source "lmi"]
[SourceDate "2015.03.22"]

1. e4 c5 2. Nf3 Nc6 3. d3 e6 4. g3 d5 5. Nbd2 Bd6 6. Bg2 Nge7 7. O-O O-O 8. Nh4
Qc7 9. f4 f6 10. c3 Bd7 11. Re1 Rab8 12. Nf1 b5 13. exd5 exd5 14. Ne3 Be6 15.
Qh5 Bf7 16. Qg4 h5 17. Qd1 Qd7 18. Bf3 d4 19. Nf1 g6 20. Qe2 Rbe8 21. Qg2 Kg7
22. Bd2 Bc7 23. g4 hxg4 24. Bxg4 f5 25. Bf3 Rh8 26. Qg5 Bd5 27. Bxd5 Qxd5 28.
Ng3 Qf7 29. cxd4 Qf6 30. Nf3 Qxg5 31. Nxg5 Nxd4 32. Bc3 Nd5 33. Bxd4+ cxd4 34.
Ne6+ Kf6 35. Nxc7 Nxc7 36. Rac1 Nd5 37. Ne2 Rh3 38. Nxd4 Rxe1+ 39. Rxe1 Rxd3
40. Nxb5 a5 41. Na3 Nxf4 42. Nc4 Rd5 43. Re3 Nd3 44. b3 f4 45. Re8 Kf5 46. h3
g5 47. Re7 Ne5 48. Nxe5 Rxe5 49. Rxe5+ Kxe5 50. Kf2 Kd4 51. a3 Kc3 52. b4 axb4
53. axb4 Kxb4 54. Kf3 Kc4 55. h4 gxh4 56. Kxf4 Kd4 57. Kg4 Ke4 58. Kxh4 1/2-1/2

[Event "24. Torneo San Viator"]
[Site "Madrid ESP"]
[Date "2015.04.12"]
[Round "3.3"]
[White "Cano Mercado, Francisco Manuel"]
[Black "Fernandez Lledo, Javier"]
[Result "1/2-1/2"]
[WhiteElo "1873"]
[BlackElo "2256"]
[PlyCount "102"]
[EventDate "2015.03.22"]
[EventType "swiss"]
[EventRounds "9"]
[EventCountry "ESP"]
[Source "lmi"]
[SourceDate "2015.03.22"]

1. e4 d6 2. d4 Nf6 3. Nc3 e5 4. dxe5 dxe5 5. Qxd8+ Kxd8 6. Bg5 Be6 7. Nf3 Nbd7
8. O-O-O Bd6 9. Bb5 Kc8 10. h3 a6 11. Bxd7+ Nxd7 12. Be3 f6 13. Nd2 b6 14. Nb3
Kb7 15. Nd5 a5 16. Kb1 Rhd8 17. f3 c6 18. Nc3 Be7 19. Na4 Kc7 20. Rxd7+ Kxd7
21. Nxb6+ Kc7 22. Nxa8+ Rxa8 23. Rd1 a4 24. Nc5 Bxc5 25. Bxc5 Bc4 26. b3 Bf7
27. Kb2 Bg8 28. g3 axb3 29. cxb3 Bf7 30. a4 Bg8 31. Kc3 Bf7 32. Ra1 Be6 33. a5
Kb7 34. b4 Ka6 35. Rd1 Kb5 36. Rd6 Re8 37. h4 h5 38. a6 Kxa6 39. Rxc6+ Kb7 40.
Rb6+ Kc7 41. Ra6 Bc8 42. Ra8 Kc6 43. Ra7 Bb7 44. Kc4 g5 45. hxg5 fxg5 46. Ra1
Ra8 47. Rxa8 Bxa8 48. b5+ Kd7 49. Be3 g4 50. fxg4 hxg4 51. Kd3 Kd6 1/2-1/2

[Event "24. Torneo San Viator"]
[Site "Madrid ESP"]
[Date "2015.04.12"]
[Round "3.4"]
[White "Uceda Martinez, Jacinto"]
[Black "Benitez Cadenas, Luis Miguel"]
[Result "1-0"]
[WhiteElo "1800"]
[BlackElo "1678"]
[PlyCount "35"]
[EventDate "2015.03.22"]
[EventType "swiss"]
[EventRounds "9"]
[EventCountry "ESP"]
[Source "lmi"]
[SourceDate "2015.03.22"]

1. d4 d5 2. c4 dxc4 3. Nc3 c5 4. d5 e6 5. e4 exd5 6. exd5 a6 7. Bxc4 b5 8. Be2
Nf6 9. Bg5 h6 10. Bh4 Bb7 11. Qb3 g5 12. Bg3 Bxd5 13. Nxd5 Qxd5 14. Qxd5 Nxd5
15. Bf3 Nb4 16. O-O-O Nxa2+ 17. Kb1 Ra7 18. Bxb8 1-0

[Event "24. Torneo San Viator"]
[Site "Madrid ESP"]
[Date "2015.04.12"]
[Round "3.7"]
[White "Rodriguez Orgaz, Cesar"]
[Black "Rodriguez Garcia, Alberto"]
[Result "1-0"]
[WhiteElo "1868"]
[BlackElo "1800"]
[PlyCount "63"]
[EventDate "2015.03.22"]
[EventType "swiss"]
[EventRounds "9"]
[EventCountry "ESP"]
[Source "lmi"]
[SourceDate "2015.03.22"]

1. e4 c5 2. Nc3 d6 3. f4 Nf6 4. Bc4 g6 5. Nf3 Bg7 6. O-O O-O 7. d3 Nc6 8. Qe1
Na5 9. Bb3 Nxb3 10. axb3 e6 11. Qh4 Nh5 12. g4 Qxh4 13. Nxh4 Nf6 14. g5 Ne8 15.
f5 Bd4+ 16. Kg2 Bd7 17. f6 Nc7 18. Ne2 d5 19. c3 Be5 20. Nf3 dxe4 21. Nxe5 Bb5
22. c4 exd3 23. Nf4 Ba6 24. Nfxd3 b6 25. Bf4 Rfd8 26. Rfd1 Bb7+ 27. Kf2 Ne8 28.
Nf3 Nd6 29. Bxd6 Rxd6 30. Nde5 Rdd8 31. Rxd8+ Rxd8 32. Rxa7 1-0

[Event "24. Torneo San Viator"]
[Site "Madrid ESP"]
[Date "2015.04.12"]
[Round "3.8"]
[White "Iturbide Arnedo, Oscar"]
[Black "Mazo Fernandez, Roberto"]
[Result "1/2-1/2"]
[WhiteElo "2113"]
[BlackElo "1966"]
[PlyCount "144"]
[EventDate "2015.03.22"]
[EventType "swiss"]
[EventRounds "9"]
[EventCountry "ESP"]
[Source "lmi"]
[SourceDate "2015.03.22"]

1. d4 Nf6 2. Bg5 e6 3. Nd2 h6 4. Bh4 c5 5. e3 d5 6. c3 Nc6 7. f4 Bd7 8. Bd3 Be7
9. Nh3 Qb6 10. Rb1 cxd4 11. exd4 Rc8 12. Nf2 Na5 13. Qe2 Qc7 14. Bxf6 Bxf6 15.
g3 h5 16. O-O Kf8 17. Nf3 Nc4 18. Ne5 b5 19. Nd1 g6 20. Ne3 Kg7 21. N3xc4 dxc4
22. Be4 Bxe5 23. fxe5 Bc6 24. Rf6 Bxe4 25. Qxe4 Rcd8 26. Rbf1 Rhf8 27. Qf4 a5
28. a3 Qe7 29. Qg5 Rd7 30. h4 Qe8 31. Qf4 Rh8 32. Qe3 Kg8 33. Qe2 Rh7 34. a4
Qb8 35. R1f2 Qb7 36. Qf1 Qb8 37. Qa1 b4 38. Qf1 Rc7 39. d5 exd5 40. e6 Qe8 41.
exf7+ Rcxf7 42. Rxg6+ Kh8 43. Rgf6 Kg8 44. Kh2 bxc3 45. bxc3 Qe7 46. Ra6 Rxf2+
47. Qxf2 Rf7 48. Qd2 Rf5 49. Rxa5 Qf7 50. Kg2 Qe6 51. Ra8+ Kf7 52. Ra7+ Ke8 53.
a5 Qe4+ 54. Kh2 Qf3 55. Qe1+ Qe4 56. Qd2 Rf1 57. Qg2 Qe1 58. Qxd5 Qf2+ 59. Qg2
Qxa7 60. Qxf1 Qxa5 61. Qxc4 Qf5 62. Qe2+ Kd8 63. c4 Kc7 64. Qd2 Qc5 65. Qf4+
Kd7 66. Qf7+ Kc8 67. Kh3 Qg1 68. Qxh5 Qh1+ 69. Kg4 Qe4+ 70. Kg5 Qe5+ 71. Kh6
Qh8+ 72. Kg6 Qe8+ 1/2-1/2

[Event "24. Torneo San Viator"]
[Site "Madrid ESP"]
[Date "2015.04.12"]
[Round "3.9"]
[White "Tome Vazquez, Oscar"]
[Black "Cervino Rossel, Cristobal"]
[Result "0-1"]
[WhiteElo "1987"]
[BlackElo "2102"]
[PlyCount "116"]
[EventDate "2015.03.22"]
[EventType "swiss"]
[EventRounds "9"]
[EventCountry "ESP"]
[Source "lmi"]
[SourceDate "2015.03.22"]

1. e4 e5 2. Nf3 Nc6 3. Bc4 Nf6 4. d3 Be7 5. c3 d6 6. Nbd2 O-O 7. Bb3 h6 8. Nf1
Nh7 9. h3 Na5 10. Bc2 f5 11. exf5 Bxf5 12. b4 Nc6 13. Bb3+ Kh8 14. Ng3 Bg6 15.
O-O Ng5 16. Nxg5 Bxg5 17. Ne4 Bxc1 18. Rxc1 Ne7 19. Qe2 Bh7 20. Rcd1 Ng6 21.
Qe3 Nf4 22. d4 d5 23. Ng3 e4 24. c4 c6 25. a4 Nxg2 26. Kxg2 Rf3 27. Qe2 Rxb3
28. b5 Qg5 29. cxd5 cxd5 30. Qg4 Qxg4 31. hxg4 Rb4 32. Ne2 Rxa4 33. Nc3 Rc4 34.
Nxd5 Rd8 35. Nf4 Rdxd4 36. Rxd4 Rxd4 37. Ra1 g5 38. Nh5 Bg6 39. Rxa7 Bxh5 40.
gxh5 Rd7 41. Ra8+ Kg7 42. Re8 Kf6 43. Rxe4 Rd5 44. Rb4 Ke5 45. b6 Rd4 46. Rb5+
Kf4 47. Rb3 Kg4 48. Re3 Rd6 49. Re4+ Kxh5 50. Rb4 Kg6 51. Kg3 h5 52. Rb5 h4+
53. Kg2 Rf6 54. Rb2 Kh5 55. Kh2 g4 56. Rb5+ Kg6 57. Kg2 Rf5 58. Rb4 Kg5 0-1

[Event "24. Torneo San Viator"]
[Site "Madrid ESP"]
[Date "2015.04.12"]
[Round "3.11"]
[White "Garcia Galeote, Lorenzo"]
[Black "Lopez De Turiso, Jose Angel"]
[Result "1-0"]
[WhiteElo "1961"]
[BlackElo "2046"]
[PlyCount "63"]
[EventDate "2015.03.22"]
[EventType "swiss"]
[EventRounds "9"]
[EventCountry "ESP"]
[Source "lmi"]
[SourceDate "2015.03.22"]

1. b3 Nf6 2. Bb2 d6 3. g3 c5 4. Bg2 Nc6 5. e3 Bg4 6. Ne2 h5 7. h3 Bd7 8. d4 e6
9. c4 Qc7 10. Nbc3 a6 11. O-O Be7 12. a3 Rb8 13. Nf4 b5 14. d5 Ne5 15. cxb5
axb5 16. dxe6 fxe6 17. Qb1 Kf7 18. Ne4 Nxe4 19. Bxe4 Rh6 20. Bxe5 dxe5 21. Bg6+
Kg8 22. Nxh5 Bc6 23. g4 Qb7 24. f4 Bh4 25. g5 Rh8 26. fxe5 Be8 27. Nf4 Qe7 28.
Ra2 Qxg5+ 29. Rg2 Qxe5 30. Qd3 Bc6 31. Bf7+ Kf8 32. Ng6# 1-0

[Event "24. Torneo San Viator"]
[Site "Madrid ESP"]
[Date "2015.04.12"]
[Round "3.17"]
[White "Caravantes Camacho, Fernando"]
[Black "Linares Leyva, David"]
[Result "0-1"]
[WhiteElo "1502"]
[BlackElo "1782"]
[PlyCount "80"]
[EventDate "2015.03.22"]
[EventType "swiss"]
[EventRounds "9"]
[EventCountry "ESP"]
[Source "lmi"]
[SourceDate "2015.03.22"]

1. e4 e6 2. d4 d5 3. e5 c5 4. c3 Qb6 5. Nf3 Nc6 6. a3 f6 7. b4 fxe5 8. b5 e4 9.
bxc6 exf3 10. cxb7 Bxb7 11. Qxf3 cxd4 12. cxd4 Nf6 13. Nc3 a6 14. Rb1 Qc7 15.
Bf4 Qd7 16. Bd3 Bxa3 17. O-O O-O 18. Be5 Bc6 19. Qh3 g6 20. Rb3 Be7 21. f3 a5
22. Ne2 Bb4 23. Nf4 Rae8 24. Rc1 Bd2 25. Rcb1 Bb4 26. R3b2 Bd6 27. Bb5 Bxe5 28.
dxe5 Bxb5 29. Rxb5 Qa7+ 30. Rb6 Nd7 31. Nxe6 Nxb6 32. Nxf8 Nc4+ 33. Kh1 Kxf8
34. f4 Nd2 35. Rd1 Ne4 36. Qa3+ Kg7 37. Rb1 Nf2+ 38. Kg1 Nh3+ 39. Kh1 Qg1+ 40.
Rxg1 Nf2# 0-1

[Event "24. Torneo San Viator"]
[Site "Madrid ESP"]
[Date "2015.04.12"]
[Round "3.18"]
[White "Martin Espeja, Jorge J"]
[Black "Hidalgo Prado, David"]
[Result "1-0"]
[WhiteElo "1830"]
[BlackElo "1499"]
[PlyCount "71"]
[EventDate "2015.03.22"]
[EventType "swiss"]
[EventRounds "9"]
[EventCountry "ESP"]
[Source "lmi"]
[SourceDate "2015.03.22"]

1. e4 e6 2. d4 d5 3. Nc3 Nf6 4. e5 Nfd7 5. Nf3 Be7 6. Ne2 c5 7. c3 Nc6 8. a3
Qb6 9. b4 cxb4 10. cxb4 f6 11. Bb2 fxe5 12. dxe5 Qc7 13. Rc1 Qb8 14. Nf4 Ndxe5
15. Nxe5 Nxe5 16. Rxc8+ Qxc8 17. Bxe5 Bf6 18. Bb5+ Ke7 19. Bxf6+ gxf6 20. O-O
a6 21. Ba4 Qc4 22. Qd2 b5 23. Rc1 Qe4 24. Bc2 Qe5 25. Re1 Qg5 26. Rxe6+ Kf7 27.
g3 Rac8 28. h4 Qxf4 29. Qxf4 Kxe6 30. Bf5+ Ke7 31. Qe3+ Kd6 32. Qe6+ Kc7 33.
Qe7+ Kb8 34. Bxc8 Rxc8 35. Qd6+ Ka8 36. Qxd5+ 1-0

[Event "24. Torneo San Viator"]
[Site "Madrid ESP"]
[Date "2015.04.12"]
[Round "3.20"]
[White "Aranda Perez, Ivan"]
[Black "Caamano Jimenez, Luis"]
[Result "1/2-1/2"]
[WhiteElo "1413"]
[BlackElo "1756"]
[PlyCount "103"]
[EventDate "2015.03.22"]
[EventType "swiss"]
[EventRounds "9"]
[EventCountry "ESP"]
[Source "lmi"]
[SourceDate "2015.03.22"]

1. e4 g6 2. d4 Bg7 3. Nf3 d6 4. Be3 Nf6 5. Bd3 O-O 6. h3 c6 7. Nbd2 Nbd7 8. c3
b5 9. b4 Nb6 10. Bc2 Be6 11. Bb3 Bd7 12. O-O a5 13. a3 a4 14. Ba2 Qc7 15. Rc1
Be6 16. Bxe6 fxe6 17. e5 Nfd5 18. Ng5 Qd7 19. exd6 exd6 20. Re1 Rf5 21. Ngf3
Raf8 22. Qe2 Nxe3 23. fxe3 Bh6 24. c4 bxc4 25. Nxc4 Nxc4 26. Rxc4 Qb7 27. Qc2
c5 28. dxc5 Rxf3 29. gxf3 Qxf3 30. Qg2 Bxe3+ 31. Kh2 Bf4+ 32. Kh1 Qxa3 33. Qg4
Rf5 34. Rxf4 Rxf4 35. Qxf4 Qxh3+ 36. Kg1 Qc3 37. Rxe6 Qa1+ 38. Qf1 Qd4+ 39. Kh1
Qd5+ 40. Kg1 Qxe6 41. Qa6 Qe3+ 42. Kg2 dxc5 43. bxc5 Qxc5 44. Qxa4 Kg7 45. Qd7+
Kh6 46. Qh3+ Qh5 47. Qa3 Qg4+ 48. Kh2 Kh5 49. Qc5+ g5 50. Qe7 h6 51. Qf7+ Kh4
52. Qf2+ 1/2-1/2

[Event "24. Torneo San Viator"]
[Site "Madrid ESP"]
[Date "2015.04.12"]
[Round "3.21"]
[White "Vicente Minarro, Pedro"]
[Black "Martinez Barahona, Ismael"]
[Result "0-1"]
[WhiteElo "1408"]
[BlackElo "1818"]
[PlyCount "90"]
[EventDate "2015.03.22"]
[EventType "swiss"]
[EventRounds "9"]
[EventCountry "ESP"]
[Source "lmi"]
[SourceDate "2015.03.22"]

1. d4 Nf6 2. Nf3 d5 3. Bf4 c5 4. c3 Nc6 5. e3 Qb6 6. Qb3 c4 7. Qxb6 axb6 8. h3
Bf5 9. Na3 Ra5 10. Bc7 Nd7 11. Be2 e6 12. O-O Bxa3 13. bxa3 Rxa3 14. Rfc1 Ke7
15. Ne5 Ncxe5 16. dxe5 Ra6 17. Bd6+ Kd8 18. Bh5 g6 19. Bd1 Nc5 20. g4 Bd3 21.
Bc2 Kd7 22. Bxc5 bxc5 23. Bxd3 cxd3 24. Rcb1 Kc6 25. Kf1 Rha8 26. Rb2 Ra3 27.
Rab1 Rb8 28. Rb6+ Kc7 29. R1b2 Rxc3 30. R6b3 Rxb3 31. Rxb3 c4 32. Rc3 b5 33. a3
Kc6 34. Ke1 Kc5 35. Kd2 b4 36. axb4+ Rxb4 37. Ra3 Rb2+ 38. Kd1 Rxf2 39. Ke1
Re2+ 40. Kd1 Rxe3 41. Ra2 Rxe5 42. Ra7 Re3 43. Rxf7 Rxh3 44. Rf2 c3 45. Ra2
Rh1# 0-1

[Event "24. Torneo San Viator"]
[Site "Madrid ESP"]
[Date "2015.04.12"]
[Round "3.22"]
[White "Cuerda Montagud, Tomas"]
[Black "Montero Montero, Juan Jose"]
[Result "0-1"]
[WhiteElo "1321"]
[BlackElo "1732"]
[PlyCount "110"]
[EventDate "2015.03.22"]
[EventType "swiss"]
[EventRounds "9"]
[EventCountry "ESP"]
[Source "lmi"]
[SourceDate "2015.03.22"]

1. e4 Nf6 2. Nc3 e5 3. Nf3 d6 4. d4 exd4 5. Nxd4 Bd7 6. Bc4 a6 7. a4 Nc6 8. Bf4
Be7 9. O-O Nxd4 10. Qxd4 O-O 11. Rfe1 Nh5 12. Bd2 Bg5 13. Rad1 Bg4 14. Be2 Bxe2
15. Nxe2 Bxd2 16. Rxd2 Qf6 17. b3 Rfe8 18. Nc3 Qxd4 19. Rxd4 Nf6 20. h3 h5 21.
Nd5 Nxd5 22. Rxd5 g6 23. f4 Re7 24. Rd3 Rae8 25. Rde3 f5 26. e5 dxe5 27. Rxe5
Rxe5 28. fxe5 Kf7 29. Kf2 Ke6 30. Kf3 Rd8 31. g4 hxg4+ 32. hxg4 Rd2 33. gxf5+
gxf5 34. Kf4 Rxc2 35. Rh1 Re2 36. Rh6+ Kd5 37. Kxf5 Rxe5+ 38. Kf4 Re7 39. Rh5+
Kd4 40. Rh1 Kc3 41. Rh3+ Kb4 42. Kf5 Re1 43. Rh7 Rc1 44. Ke5 b6 45. Kd4 Kxb3
46. Kd3 Kxa4 47. Rh4+ Kb5 48. Rh5+ c5 49. Kd2 Rc4 50. Rh3 a5 51. Rb3+ Rb4 52.
Ra3 a4 53. Kc3 Rb3+ 54. Rxb3+ axb3 55. Kxb3 c4+ 0-1

[Event "24. Torneo San Viator"]
[Site "Madrid ESP"]
[Date "2015.04.12"]
[Round "3.23"]
[White "Torrecillas Adan, Luis"]
[Black "Serrano Gonzalez, Oscar"]
[Result "1/2-1/2"]
[WhiteElo "1245"]
[BlackElo "1725"]
[PlyCount "128"]
[EventDate "2015.03.22"]
[EventType "swiss"]
[EventRounds "9"]
[EventCountry "ESP"]
[Source "lmi"]
[SourceDate "2015.03.22"]

1. e4 c5 2. Bc4 e6 3. Nc3 Nc6 4. Nf3 Nf6 5. d3 d5 6. exd5 exd5 7. Bb5 Bd7 8.
Bg5 Be7 9. Bxf6 Bxf6 10. Nxd5 O-O 11. c3 Re8+ 12. Ne3 a6 13. Bc4 Na5 14. O-O
Nxc4 15. Nxc4 Bg4 16. h3 Bh5 17. a4 Qc7 18. g4 Bg6 19. Qd2 Qc6 20. Ne1 h6 21.
f4 Rad8 22. f5 Bg5 23. Qg2 Qxg2+ 24. Kxg2 Bh7 25. Rd1 Re2+ 26. Rf2 Rde8 27. Nf3
Bd8 28. Nd6 Rxf2+ 29. Kxf2 Re7 30. Re1 Rxe1 31. Kxe1 b6 32. d4 cxd4 33. Nxd4 g6
34. fxg6 Bxg6 35. Ke2 Kf8 36. N4f5 h5 37. Kf3 Bc7 38. Ne4 Be5 39. Nd4 Ke8 40.
Nc6 hxg4+ 41. hxg4 Bg7 42. b4 Bxe4+ 43. Kxe4 Bxc3 44. Kd5 Bd2 45. Kc4 Bf4 46.
Kd5 Bg3 47. Kc4 Kd7 48. Kd5 Kc7 49. Ne5 f6 50. Nf3 Kd7 51. Nd4 Be1 52. b5 a5
53. Ke4 Bf2 54. Kd5 Bxd4 55. Kxd4 Kd6 56. Ke4 Kc5 57. Kf5 Kb4 58. Kxf6 Kxa4 59.
g5 Kxb5 60. g6 Ka4 61. g7 b5 62. g8=Q b4 63. Qa2+ Kb5 64. Qd5+ Ka4 1/2-1/2

[Event "24. Torneo San Viator"]
[Site "Madrid ESP"]
[Date "2015.04.12"]
[Round "3.26"]
[White "Garces Adan, Jose A"]
[Black "Aguado Solana, Juan"]
[Result "0-1"]
[WhiteElo "1776"]
[BlackElo "2090"]
[PlyCount "82"]
[EventDate "2015.03.22"]
[EventType "swiss"]
[EventRounds "9"]
[EventCountry "ESP"]
[Source "lmi"]
[SourceDate "2015.03.22"]

1. e4 d5 2. exd5 Nf6 3. d4 Nxd5 4. c4 Nb6 5. Nc3 g6 6. c5 Nd5 7. Bc4 Nxc3 8.
bxc3 Bg7 9. Nf3 O-O 10. Bg5 b6 11. O-O h6 12. Bh4 bxc5 13. Re1 Bf6 14. Bxf6
exf6 15. Nh4 Kg7 16. Qf3 c6 17. Rad1 f5 18. g3 cxd4 19. Rxd4 Qf6 20. Ng2 Nd7
21. Qe3 Nb6 22. Bb3 c5 23. Rd2 c4 24. Bc2 Bb7 25. Rd4 Qc6 26. f3 Rfe8 27. Qf2
Qxf3 28. Rxe8 Rxe8 29. Qxf3 Bxf3 30. Nf4 Re3 31. Kf2 Rxc3 32. Bb1 Bb7 33. Rd1
Be4 34. Ne2 Rf3+ 35. Ke1 Ra3 36. Bxe4 fxe4 37. Rd4 f5 38. Kd2 Rxa2+ 39. Ke3
Ra3+ 40. Kf4 Rf3+ 41. Ke5 Rd3 0-1

[Event "24. Torneo San Viator"]
[Site "Madrid ESP"]
[Date "2015.04.12"]
[Round "3.27"]
[White "Lozano Freras, Sergio"]
[Black "Rodriguez Varela, Alvaro"]
[Result "1-0"]
[WhiteElo "1992"]
[BlackElo "1745"]
[PlyCount "45"]
[EventDate "2015.03.22"]
[EventType "swiss"]
[EventRounds "9"]
[EventCountry "ESP"]
[Source "lmi"]
[SourceDate "2015.03.22"]

1. Nf3 d5 2. g3 Nf6 3. Bg2 Bg4 4. d4 e6 5. O-O Nbd7 6. c4 Bd6 7. c5 Be7 8. Nc3
c6 9. h3 Bxf3 10. exf3 O-O 11. Re1 b6 12. cxb6 axb6 13. f4 c5 14. Nb5 c4 15.
Qc2 Rc8 16. f5 exf5 17. Qxf5 g6 18. Qc2 Nb8 19. Bf4 Qd7 20. Nc3 Nc6 21. Qd2 Nb4
22. Bg5 Nc6 23. Rxe7 1-0

[Event "24. Torneo San Viator"]
[Site "Madrid ESP"]
[Date "2015.04.12"]
[Round "3.28"]
[White "Sirera Ripoll, Jose"]
[Black "Navarro Moreno, Juan Carlos"]
[Result "0-1"]
[WhiteElo "1765"]
[BlackElo "1970"]
[PlyCount "70"]
[EventDate "2015.03.22"]
[EventType "swiss"]
[EventRounds "9"]
[EventCountry "ESP"]
[Source "lmi"]
[SourceDate "2015.03.22"]

1. e4 c5 2. Nc3 Nc6 3. f4 d6 4. Nf3 a6 5. Be2 Nf6 6. d3 e6 7. O-O Be7 8. Qe1 b5
9. Kh1 Bb7 10. e5 dxe5 11. fxe5 Nd7 12. Qg3 Rg8 13. Ne4 Nd4 14. Nxd4 Bxe4 15.
Bh5 g6 16. dxe4 cxd4 17. Bh6 Qc7 18. Rad1 Qxe5 19. Qf2 f6 20. Be2 Bc5 21. Rd3
g5 22. h4 Bd6 23. Rh3 g4 24. Bf4 Qxf4 25. Qxf4 Bxf4 26. Rxf4 gxh3 27. g4 Rc8
28. Bd3 Ke7 29. g5 fxg5 30. hxg5 Rxg5 31. Rh4 h5 32. Rxh3 Rcg8 33. Rh4 Ne5 34.
Rf4 Rg4 35. Rf1 Rh4# 0-1

[Event "24. Torneo San Viator"]
[Site "Madrid ESP"]
[Date "2015.04.12"]
[Round "3.29"]
[White "Martin Lozano, Miguel Angel"]
[Black "Gueler Berdasco, Martin"]
[Result "0-1"]
[WhiteElo "1758"]
[BlackElo "1917"]
[PlyCount "68"]
[EventDate "2015.03.22"]
[EventType "swiss"]
[EventRounds "9"]
[EventCountry "ESP"]
[Source "lmi"]
[SourceDate "2015.03.22"]

1. d4 Nf6 2. Bf4 g6 3. e3 Bg7 4. Nf3 O-O 5. Be2 d6 6. h3 Nbd7 7. O-O Re8 8. Re1
c5 9. c3 a6 10. Nbd2 b5 11. b4 Nd5 12. Qb3 Nxf4 13. exf4 cxd4 14. Nxd4 Bb7 15.
a4 bxa4 16. Qxa4 Nb6 17. Qa5 e5 18. fxe5 Rxe5 19. Qa2 Nd5 20. Bc4 Nxc3 21.
Bxf7+ Kh8 22. Qa3 Rxe1+ 23. Rxe1 Qc7 24. Bxg6 Bxd4 25. Be4 Re8 26. Rc1 Ne2+ 27.
Kh2 Qxc1 28. Qxc1 Nxc1 29. Bxb7 Rb8 30. Bxa6 Rxb4 31. Ne4 Be5+ 32. Ng3 Rb2 33.
Kg1 Bxg3 34. fxg3 d5 0-1

[Event "24. Torneo San Viator"]
[Site "Madrid ESP"]
[Date "2015.04.12"]
[Round "3.30"]
[White "Camarero Izquierdo, Juan Carlo"]
[Black "Rodriguez Alonso, Marcos"]
[Result "1-0"]
[WhiteElo "1888"]
[BlackElo "1738"]
[PlyCount "83"]
[EventDate "2015.03.22"]
[EventType "swiss"]
[EventRounds "9"]
[EventCountry "ESP"]
[Source "lmi"]
[SourceDate "2015.03.22"]

1. d4 d5 2. Nc3 Nf6 3. Bg5 h6 4. Bxf6 exf6 5. Qd3 c6 6. e4 dxe4 7. Nxe4 Be7 8.
O-O-O O-O 9. Kb1 a5 10. h4 Be6 11. Nh3 Qc7 12. Be2 Na6 13. c3 Rad8 14. g4 f5
15. gxf5 Bxf5 16. Nf6+ Bxf6 17. Qxf5 Qd7 18. Qxa5 Qe6 19. Bd3 Ra8 20. Nf4 Qg4
21. Nh5 Qf3 22. Nxf6+ Qxf6 23. Qf5 Qxf5 24. Bxf5 Nc7 25. h5 Ra5 26. Bc2 Ne6 27.
Rdg1 Rg5 28. Rxg5 Nxg5 29. Re1 Ne6 30. Bb3 Nf4 31. Re7 b6 32. Rc7 Nxh5 33. Rxc6
Rb8 34. Rc7 Nf6 35. Bxf7+ Kh8 36. Be6 Ne4 37. f4 Nd6 38. c4 h5 39. c5 bxc5 40.
dxc5 Nb5 41. Rc8+ Rxc8 42. Bxc8 1-0

[Event "24. Torneo San Viator"]
[Site "Madrid ESP"]
[Date "2015.04.12"]
[Round "3.32"]
[White "Andres Rodriguez, Florencio"]
[Black "Villacorta Nicolas, David"]
[Result "0-1"]
[WhiteElo "1542"]
[BlackElo "1699"]
[PlyCount "58"]
[EventDate "2015.03.22"]
[EventType "swiss"]
[EventRounds "9"]
[EventCountry "ESP"]
[Source "lmi"]
[SourceDate "2015.03.22"]

1. d4 Nf6 2. c4 c5 3. d5 b5 4. cxb5 a6 5. bxa6 g6 6. Nc3 Bxa6 7. g3 d6 8. Bg2
Bg7 9. Nf3 O-O 10. O-O Nbd7 11. Rb1 Qb6 12. b3 Ng4 13. Bb2 Nge5 14. Nxe5 Nxe5
15. Qc2 Rfb8 16. Rfe1 c4 17. bxc4 Nxc4 18. Bc1 Qa5 19. Rb3 Rxb3 20. axb3 Bxc3
21. bxc4 Bxe1 22. Bb2 Rc8 23. Qe4 Bc3 24. Bxc3 Qxc3 25. Qxe7 Qe5 26. Qa7 Qa1+
27. Bf1 Rxc4 28. Qb8+ Kg7 29. Qxd6 Rc1 0-1